| 000 | 00811nam a22002057a 4500 | ||
|---|---|---|---|
| 008 | 121122t mx||||| |||| 00| 0 sp d | ||
| 020 | _a9786070903564 | ||
| 050 | 0 | 4 |
_aKGF416 _bP37 2010 |
| 100 | 1 | _aParedes Sánchez, Luis Eduardo | |
| 245 | 1 | 0 |
_aPresupuestos del negocio jurídico _b : capacidad legal, idoneidad del objeto, legitimación sustancial y (eventualmente) condictio iuris _c / Luis Eduardo Paredes Sánchez; prólogo Alberto Pacheco Escobedo |
| 250 | _a1a ed. | ||
| 260 |
_aMéxico : _bPorrúa ; Universidad Panamericana, _c2010 |
||
| 300 |
_axxviii, 193 p. ; _c21 cm. |
||
| 504 | _aBibliografía : p. 189-193 | ||
| 504 | _6Incluye índice | ||
| 650 | 7 |
_2LEMB _aActos jurídicos _zMéxico |
|
| 650 | 7 |
_2LEMB _aDerecho civil _zMéxico |
|
| 700 | 1 |
_aPacheco Escobedo, Alberto _eprol. |
|
| 942 |
_2lcc _cLIB |
||
| 999 |
_c5405 _d5405 |
||